Channel Islands National Park Trivia - Statistics

General Stats
  • This quiz has been taken 5 times
  • The average score is 11 of 21
Answer Stats
Hint Answer % Correct
Ocean the National Park is surrounded by Pacific
100%
Smallest island Santa Barbara
75%
Name one of the two counties it is part of Santa Barbara, Ventura
75%
Largest Island Santa Cruz
75%
Second-Largest island Santa Rosa
75%
Year it became a national park 1980
50%
Island Pictured Above Anacapa
50%
Native American Tribe from the Archipelago Chumash
50%
California State Marine Fish Garibaldi
50%
Type of seaweed found offshore Giant Kelp
50%
Canines endemic to Larger Islands Island Fox
50%
Bird endemic to Largest Island Island Scrub Jay
50%
Largest Sea Cave in California Painted Cave
50%
Westernmost island San Miguel
50%
Organization that co-owns part of above with NPS The Nature Conservancy
50%
Conifer found on that island Torrey Pine
50%
Spot pictured above Inspiration Point
25%
Spanish Explorer who died on that island Juan Cabrillo
25%
Highest Point in National Park Mount Diablo
25%
Pinniped Colony located on above island Point Bennet
25%
Canoe used by above to cross between the islands and the mainland Tomol
25%
No matching quizzes found
Score Distribution
Percent of People with Each Score
Percentile by Number Answered
Your Score History
You have not taken this quiz